|
|
|
|
| LEADER |
00591nam a22001457a 4500 |
| 008 |
210908b |||||||| |||| 00| 0 eng d |
| 020 |
|
|
|a 9788121800528
|
| 082 |
|
|
|2 23
|a 891.22
|
| 245 |
|
|
|a Uthara Ramacharitahm/
|c Bhavabhuti Commentator and Edited by Ramasankar tripathi
|h English
|
| 260 |
|
|
|a Varanasi:
|b Chowkhamba Krishnadas Adademy,
|
| 300 |
|
|
|a xxxiii,564p.
|
| 650 |
|
|
|v Rāma -- Drama.
|x (Hindu deity) --
|
| 942 |
|
|
|c BK
|
| 999 |
|
|
|c 360883
|d 360883
|
| 952 |
|
|
|0 0
|1 0
|2 ddc
|4 0
|6 891_220000000000000_BHA_U
|7 0
|9 419508
|a SDE
|b SDE
|c ST1
|d 2021-09-08
|g 150.00
|i 4743
|l 0
|o 891.22 BHA/U
|p SDE4743
|r 2021-09-08
|w 2021-09-08
|y BK
|